Statistics for Unscramble the One Direction song

Click here to take the quiz!

General Stats

  • This quiz has been taken 1,554 times
  • The average score is 13 of 15

Answer Stats

Scramble Answer % Correct
hawt kames ouy tifeaubulWhat Makes You Beautiful
100%
atls tirfs isskLast First Kiss
91%
cork emRock Me
91%
royts fo ym ifelStory Of My Life
90%
litls het neoStill The One
89%
vile hwiel reew nougyLive While We're Young
89%
tearh takctaHeart Attack
89%
thevenigry tabou uyoEverything About You
88%
hety ntod wokn outab suThey Don't Know About Us
87%
tilelt klacb ressdLittle Black Dress
87%
notd reftog rhewe ouy gebolnDon't Forget Where You Belong
86%
dimingth rioesmmeMidnight Memories
84%
genahc ym nidmChange My Mind
84%
tenmsomMoments
83%
ntod etl em og (Trick one... Good luck)Don't Let Me Go
83%

Score Distribution

Percentile by Number Answered

Percent of People with Each Score

Your Score History

You have not taken this quiz